00500nam a2200145Ia 4500100002800000942000700028366000700035245007700042260003500119082001400154300000800168546002300176999001700199952013800216 aPetersen/W.P/ Arbenz/P  cBK f25 aIntroduction to Parallel computing: A practical guide with examples in C bOxford university pressc2004 a4.35bPET a259 aENGLISHcComputers c29437d29437 001040708CRCaCRCEbCRCEd2023-03-17eBook Worldg157.50i291dt 19/04/2011l0o4.35 PETp21515r2023-03-17v210.00w0000-00-00yBK